Homeless threat for graduates with debt (Record no. 74346)
[ view plain ]
| 000 -LEADER | |
|---|---|
| fixed length control field | 01210cab a2200217 4500 |
| 001 - CONTROL NUMBER | |
| control field | ABS67628 |
| 008 - FIXED-LENGTH DATA ELEMENTS--GENERAL INFORMATION | |
| fixed length control field | 040402n2004 000 0 eng u |
| 035 ## - SYSTEM CONTROL NUMBER | |
| System control number | (Sirsi) u125719 |
| 100 ## - MAIN ENTRY--PERSONAL NAME | |
| Personal name | Baker, C. |
| 245 ## - TITLE STATEMENT | |
| Title | Homeless threat for graduates with debt |
| 260 ## - PUBLICATION, DISTRIBUTION, ETC. | |
| Date of publication, distribution, etc. | 2004 |
| 490 ## - SERIES STATEMENT | |
| Series statement | Axis |
| Volume/sequential designation | 58(1) March/April 2004, 12-13(2) |
| 520 ## - SUMMARY, ETC. | |
| Summary, etc. | Examines the impact of graduate debt on the entry date of graduates as first-time buyers in the housing market. Reviews Council of Mortgage Lenders' research that estimates average student debt on graduation to be around £10 500 and finds that graduates tend to wait five to six years before seeking their first mortgage. This entry period is likely to increase if the proposed top-up fees regime is introduced. It is predicted that many graduates will prolong their stay in the private rented sector or return to their parental homes. Concludes that lenders should develop innovative mortgage products, which reflect the graduate debt situation. |
| 590 ## - LOCAL NOTE (RLIN) | |
| Local note | ABS |
| 650 ## - SUBJECT ADDED ENTRY--TOPICAL TERM | |
| Topical term or geographic name entry element | MORTGAGES |
| 650 ## - SUBJECT ADDED ENTRY--TOPICAL TERM | |
| Topical term or geographic name entry element | GRADUATES |
| 650 ## - SUBJECT ADDED ENTRY--TOPICAL TERM | |
| Topical term or geographic name entry element | HOUSE PRICES |
| 650 ## - SUBJECT ADDED ENTRY--TOPICAL TERM | |
| Topical term or geographic name entry element | FIRST-TIME BUYERS |
| 690 ## - LOCAL SUBJECT ADDED ENTRY--TOPICAL TERM (OCLC, RLIN) | |
| Topical term or geographic name as entry element | PROPERTY-RESIDENTIAL PROPERTY-RESIDENTIAL PROPERTY MARKET |
| 942 ## - ADDED ENTRY ELEMENTS (KOHA) | |
| Suppress in OPAC | 0 |
| Withdrawn status | Lost status | Source of classification or shelving scheme | Damaged status | Not for loan | Home library | Current library | Shelving location | Date acquired | Total Checkouts | Full call number | Barcode | Date last seen | Copy number | Price effective from | Koha item type |
|---|---|---|---|---|---|---|---|---|---|---|---|---|---|---|---|
| Dewey Decimal Classification | London | London | Journal article | 02/04/2004 | ABS67628 | 125719-1001 | 06/08/2019 | 1 | 06/08/2019 | Journal article |